000 00270nam a2200121Ia 4500
100 _aChurchill/ S/C.
650 _aGeneral
942 _cBK
654 _aBrazing
245 _aBrazing Part II
260 _bMAchinerys Standard Reference Series
_c2001
546 _aENGLISH
999 _c29331
_d29331